| 000 | 01444nam a2200229Ia 4500 | ||
|---|---|---|---|
| 001 | 10392 | ||
| 003 | GE_BSU | ||
| 008 | 181216s||||||||xx |||||||||||||| ||und|| | ||
| 020 | _a999284714X | ||
| 040 | _cGE_BSU | ||
| 080 | _a821.353.1+821.353.1-1+821.353.1-32 | ||
| 245 | _aქართული მწერლობა 40 ტომად. ტ.20. დიმიტრი ყიფიანი,გრიგოლ დადიანი,ზურაბ ანტონოვი,მამია გურიელი | ||
| 245 | _bგიორგი შერვაშიძე,გიორგი ჭალადიდელი,დავით ერისთავი,იოსებ დავითაშვილი | ||
| 245 | _cშემდგ.ა.ბაქრაძე.რ.თვარაძე.სარედ.კოლ.ა.ბაქრაძე და სხვ.ტომის შემდგ.ა.ბაქრაძე და თ.ჯოლოგუა.რედ.თ.ჯოლოგუა.მხატვ.გ.ღლონტი | ||
| 260 | _aთბილისი | ||
| 260 | _bნაკადული | ||
| 260 | _c2003 | ||
| 300 | _a528გვ.20სმ. | ||
| 520 | _aტომეული თავდაპირველად გამოდიოდა 30ტომად.2007 წლის შემდეგ გამოდის 40 ტომად | ||
| 653 | _aქართული მწერლობა | ||
| 942 | _cBK | ||
| 999 |
_c43653 _d43653 |
||